Faculty of Law Library — Cairo University

Official Online Catalog

E.C. antitrust procedure / (Record no. 69400)

MARC details
000 -LEADER
fixed length control field 01093cam a2200349 i 4500
003 - CONTROL NUMBER IDENTIFIER
control field EG-GICUC
005 - DATE AND TIME OF LATEST TRANSACTION
control field 20260407141433.0
008 - FIXED-LENGTH DATA ELEMENTS--GENERAL INFORMATION
fixed length control field 000207s1998 enkk fr 001 0 eng d
020 ## - INTERNATIONAL STANDARD BOOK NUMBER
International Standard Book Number 0421610506
020 ## - INTERNATIONAL STANDARD BOOK NUMBER
International Standard Book Number 9780421610507
040 ## - CATALOGING SOURCE
Original cataloging agency DLC
Transcribing agency DLC
Modifying agency DLC
-- EG-GICUC
Language of cataloging eng
Description conventions rda
043 ## - GEOGRAPHIC AREA CODE
Geographic area code e------
050 00 - LIBRARY OF CONGRESS CALL NUMBER
Classification number KJE6456
Item number .K47 1998
082 00 - DEWEY DECIMAL CLASSIFICATION NUMBER
Classification number 382.9142
Edition number 21
092 04 - LOCALLY ASSIGNED DEWEY CALL NUMBER (OCLC)
Edition number 21
099 ## - LOCAL FREE-TEXT CALL NUMBER (OCLC)
Classification number Law 13 1998
100 1# - MAIN ENTRY--PERSONAL NAME
Personal name Kerse, C. S.
Fuller form of name (Christopher Stephen)
245 10 - TITLE STATEMENT
Title E.C. antitrust procedure /
Statement of responsibility, etc. by C.S. Kerse.
246 3# - VARYING FORM OF TITLE
Title proper/short title EC antitrust procedure
250 ## - EDITION STATEMENT
Edition statement 4th edition.
264 ## - PRODUCTION, PUBLICATION, DISTRIBUTION, MANUFACTURE, AND COPYRIGHT NOTICE
Place of production, publication, distribution, manufacture London :
Name of producer, publisher, distributor, manufacturer Sweet & Maxwell,
Date of production, publication, distribution, manufacture, or copyright notice 1998.
300 ## - PHYSICAL DESCRIPTION
Extent lxxxii, 586 pages :
Other physical details forms ;
Dimensions 26 cm.
336 ## - CONTENT TYPE
Content type term text
Source rdacontent
337 ## - MEDIA TYPE
Media type term Computer
Source rdamedia
338 ## - CARRIER TYPE
Carrier type term Online Resource
Source rdacarrier
500 ## - GENERAL NOTE
General note Includes index.
650 #0 - SUBJECT ADDED ENTRY--TOPICAL TERM
Topical term or geographic name entry element Antitrust law
Geographic subdivision European Economic Community countries.
650 #0 - SUBJECT ADDED ENTRY--TOPICAL TERM
Topical term or geographic name entry element Restraint of trade
Geographic subdivision European Economic Community countries.
856 40 - ELECTRONIC LOCATION AND ACCESS
Uniform Resource Identifier <a href="https://fll.law.cu.edu.eg/fulltext/bks/ENGB13-00029.pdf">https://fll.law.cu.edu.eg/fulltext/bks/ENGB13-00029.pdf</a>
905 ## - Cataloger and Reviser Names
Cataloger Name: Hend El khosy
942 ## - ADDED ENTRY ELEMENTS (KOHA)
Source of classification or shelving scheme Dewey Decimal Classification
Koha item type Books
Edition 21
Suppress in OPAC No
Holdings
Withdrawn status Lost status Source of classification or shelving scheme Damaged status Not for loan Collection Home library Current library Date acquired Total checkouts Full call number Barcode Date last seen Copy number Price effective from Koha item type Public note
    Dewey Decimal Classification     المالية العامة والتشريع الضريبي جــــامعة القــاهرة مكتبة كلية الحقوق - فـرع الشيخ زايد 07.04.2026   Law3 13 382.9142 KE . E 4 ed - 1998 1300029 C1 ENGB13-00029 07.04.2026 1 07.04.2026 Books 1057
    Dewey Decimal Classification     المالية العامة والتشريع الضريبي جــــامعة القــاهرة مكتبة كلية الحقوق - فـرع الشيخ زايد 07.04.2026   Law3 13 382.9142 KE . E 4 ed - 1998 1300030 C2 ENGB13-00030 07.04.2026 2 07.04.2026 Books 1058

© All rights reserved — Faculty of Law, Cairo University